000 01401cam a22003734a 4500
001 14710279
003 OSt
005 20230602090418.0
008 070119s2007 mauab b 001 0 eng
010 _a 2007002114
020 _a9781845932695 (alk. paper)
020 _a9781845932695
035 _a(OCoLC)ocm80916918
035 _a(OCoLC)80916918
_z(OCoLC)154707988
040 _aDNAL/DLC
_cDLC
_dBTCTA
_dBAKER
_dYDXCP
_dYDX
_dAGL
_dDLC
042 _apcc
043 _af-ke---
082 0 0 _a338.96762
_222
245 0 0 _aDecentralization and the social economics of development :
_blessons from Kenya /
_cedited by Christopher B. Barrett, Andrew G. Mude, John M. Omiti.
260 _aCambridge, MA :
_bCABI,
_c2007.
300 _ax, 230 p. :
_bill., maps ;
_c26 cm.
504 _aIncludes bibliographical references and index.
650 0 _aRural development
_zKenya.
650 0 _aDecentralization in government
_zKenya.
651 0 _aKenya
_xEconomic conditions.
651 0 _aKenya
_xSocial conditions.
700 1 _aBarrett, Christopher B.
_q(Christopher Brendan)
700 1 _aMude, Andrew G.
700 1 _aOmiti, John.
856 4 1 _3Table of contents only
_uhttp://www.loc.gov/catdir/toc/ecip079/2007002114.html
906 _a7
_bcbc
_corignew
_d1
_eecip
_f20
_gy-gencatlg
942 _2ddc
_cBK
999 _c27
_d27